000 00930nas a2200325 4500
001 BR0706307
003 BR-BrBNA
005 20231205111252.0
007 ta
008 230509b bl.|||p| |||| 00| 00por d
040 _aBR-BrBNA
_bpor
_cBiblioteca Nacional de Agricultura
041 _a(Pt)
072 _aL70
100 1 _aRahal, S.C.
100 1 _aBracarense, A.P.F.R.L.
100 1 _aTanaca, C.Y.
100 1 _aGrillo, T.P.
100 1 _aLeite, C.A.L.
100 1 _aBracarense, A.P.F.R.L.
100 1 _aTanaca, C.Y.
245 1 _aUtilização de própolis ou mel no tratamento de feridas limpas induzidas em ratos
650 _aRATO
650 _aMEL
650 _aPRÓPOLIS
650 _aCICATRIZAÇÃO
650 _aLESÃO
773 0 _tArchives of Veterinary Science (Brazil)
_xISSN 1517-784X
_g(2003), v. 8(1) p. 61-67
_wBR0706307
909 _a202311
_bLúcia
_c55
_dLúcia Elande
942 _2AGRIS
_n0
_cANA
999 _c191727
_d191727